| 000 | 00811nam a2200229 i 4500 | ||
|---|---|---|---|
| 001 | 165923 | ||
| 003 | ES-MaACL | ||
| 005 | 20250809033908.0 | ||
| 008 | 931025s1788 sp |||| | lat d | ||
| 040 |
_aCARM _bspa _cPAB |
||
| 100 | 1 |
_aSwiecicki, Konstantyn. _9108940 |
|
| 245 | 1 | 0 | _aDe iure naturae et gentium in genere et De iure belli et pacis in specie. |
| 260 |
_aMatriti : _bapud viduam D. Ioachini Ibarra et heredes, _c1788. |
||
| 300 |
_a[4], XVI, 404, [2] p. ; _c4º. |
||
| 596 | _aMarca tip. en port. (Vindel, 602) | ||
| 597 | _aSign. : [ ]2, [sol]8, A-Z8, 2A-2B8, 2C3. | ||
| 597 | _aAntep. | ||
| 650 | 7 |
_aDerecho eclesiástico _2embne _911703 |
|
| 650 | 7 |
_aDerecho natural _2embne _911744 |
|
| 852 |
_aES-MaACL _jR-1359 _z-- Enc. hol. _xOlim: G-13163 |
||
| 999 |
_c165923 _d165923 |
||